000 00347nam a2200145Ia 4500
008 150201s2005 xx 000 0 und d
082 _a610
_bT2005B
100 _aBLOOM,STEPHEN
245 _aTOOHEYS MEDICINE
250 _a15TH
260 _bCHURCHILL LIVINGSTONE
_aEDINBURGH
_c2005
300 _a1-378
650 _aMEDICINE
942 _2ddc
_cBK
_01
999 _c3644
_d3644